000 00522nam a2200157 i 4500
001 46389
003 ES-MaACL
007 t|
008 030328q19071899gw ||||1| ger d
100 1 _aComenius, Johann Amos (
_d1592-1670)
_939993
245 1 0 _aPedagogische Scriften.. I Der Mutter Schul II Didaktische ührenlese Heransgegeben /
_cG. Amos Comenius ; von C. Th. Lion.
260 _aLangensalza :
_bHermann Beyer,
_c1907.
300 _aX, 106 p. ;
_c22 cm.
700 1 _aLion, C. Th.
_972486
852 _aES-MaACL
_jG-15187
999 _c46389
_d46389